PFA Premier League Team of the Year - 2020's - Statistics

General Stats
  • This quiz has been taken 322 times
  • The average score is 35 of 45
Answer Stats
Player % Correct
Mohamed Salah
100%
Virgil Van Dijk
99%
Erling Haaland
98%
Alisson
96%
Sadio Mane
96%
Ederson
95%
Kevin De Bruyne
95%
Martin Odegaard
95%
Harry Kane
93%
Ruben Dias
93%
Son Heung-Min
93%
Alexander Isak
91%
Alexis Mac Allister
90%
David Raya
89%
Phil Foden
89%
Pierre-E. Aubameyang
88%
Gabriel Magalhaes
86%
Rodri
86%
William Saliba
86%
Bernardo Silva
84%
John Stones
84%
Chris Wood
82%
David Silva
81%
Joao Cancelo
81%
Ryan Gravenberch
81%
Cristiano Ronaldo
80%
Bruno Fernandes
79%
Milos Kerkez
79%
Trent Alexander-Arnold
79%
Andrew Robertson
77%
Kyle Walker
77%
Bukayo Saka
76%
Ilkay Gundogan
75%
Declan Rice
74%
Matz Sels
67%
Aaron Ramsdale
65%
Antonio Rudiger
65%
Nick Pope
59%
Jordan Henderson
56%
Caglar Soyuncu
51%
Jamie Vardy
44%
Luke Shaw
43%
Ollie Watkins
42%
Thiago Alcantara
41%
Kieran Trippier
37%
No matching quizzes found
Score Distribution
Percent of People with Each Score
Percentile by Number Answered
Your Score History
You have not taken this quiz